Neighborhoods of Cleveland on a Map - Statistics

General Stats
  • This quiz has been taken 303 times
  • The average score is 14 of 36
Answers on the Map
Answers color-coded by a green-red scale on the quiz's map according to % correct below.
 
Answer Stats
Neighborhood % Correct
Downtown
85%
Ohio City
72%
Tremont
65%
Old Brooklyn
53%
Edgewater
52%
University
51%
Central
47%
Detroit-Shoreway
47%
Hough
47%
Kamm's Corners
47%
Clark-Fulton
44%
Glenville
44%
Cudell
42%
Fairfax
42%
St. Clair-Superior
42%
Jefferson
40%
Kinsman
39%
Brooklyn Center
38%
Buckeye-Shaker
38%
Industrial Valley
37%
Stockyards
37%
Lee-Miles
36%
Mount Pleasant
36%
South Collinwood
36%
Broadway-Slavic Village
34%
North Collinwood
32%
West Boulevard
32%
Bellaire–Puritas
31%
Goodrich-Kirtland Park
30%
Union-Miles Park
29%
North Broadway
28%
Euclid Green
27%
Woodland Hills
22%
Forest Hills
20%
Corlett
19%
Riverside
17%
No matching quizzes found
Score Distribution
Percent of People with Each Score
Percentile by Number Answered
Your Score History
You have not taken this quiz